| Поле | Инд. | ПП | Название | Значение |
|---|---|---|---|---|
| Тип записи | a | |||
| Библиографический уровень | m | |||
| 001 | Контрольный номер | RU/LIBMSTU/403862545 | ||
| 005 | Дата корректировки | 20180201111524.2 | ||
| 008 | Кодируемые данные | 121019|||||||||ru |||||||||||000|||rus|| | ||
| 020 | a | ISBN | 978-5-86185-706-2 | |
| 040 | b | Код языка каталог. | rus | |
| 041 | 0_ | a | Код языка текста | rus |
| 084 | a | Индекс другой классификации/Индекс ББК | 26.22+28.072+47.28-2 | |
| 090 | a | Полочн. индекс | 26.2 | |
| x | Авторский знак | Ш 64 | ||
| 100 | 1_ | a | Автор | Широкая Т. А. |
| 110 | 2_ | a | Организация/ юрисдикция | Мурманский государственный технический университет |
| 245 | 10 | a | Заглавие | Гидрохимические исследования бассейна Кольского залива |
| b | Продолж. заглавия | монография | ||
| 260 | a | Место издания | Москва | |
| b | Издательство | Изд-во МГТУ | ||
| c | Дата издания | 2011 | ||
| 300 | a | Объем | 182, [1] с. | |
| b | Иллюстрации/ тип воспроизводства | цв. ил. : ил. | ||
| 500 | a | Примечание | Имеется электрон. аналог 2012 г. | |
| 504 | a | Библиография | Библиогр.: с. 164-182 | |
| 583 | x | Служебное примечание | Труды преподавателей МГТУ | |
| x | Служебное примечание | Краеведческий каталог | ||
| 583 | 1_ | x | Служебное примечание | Арктические исследования |
| 650 | 04 | a | Основная рубрика | Гидрохимия |
| 650 | 14 | a | Основная рубрика | Водные экосистемы-Кольский залив |
| 651 | _4 | a | Географическое наименование | Кольский залив |
| 651 | _4 | a | Географическое наименование | Баренцево море |
| 653 | 0_ | a | Ключевые слова | Гидробионты; Гидрохимия; Гидрохимия морей; Загрязнение водной среды; Исследования арктические; Биохимические исследования; Исследования гидрохимические; Охрана водных ресурсов; Экосистемы водные; Экосистемы морские |
| a | Ключевые слова | Монографии | ||
| 700 | 12 | a | Другие авторы | Овчинникова С. И. |
| 901 | t | Тип документа | m | |
| 952 | c | Вид литературы | монография |